00650nam a2200193 a 450000100100000000500170001000800410002702000180006804000250008608200210011110000330013224500470016524600440021226000560025630000200031250000730033265000240040565000270042900003064220240412074255.0110525s2011 dr 000 j spa d a9789945453171 aDO-SdBNPbspacBNPHU aRD863.44bM385ma1 aMartínez, Maricela,d1962-10aMarido de alquiler /cMaricela Martínez.10aMarido de alquiler :by otras historias aSanto Domingo :bEditorial Somos Literatura,c2011. a132 p ;c21 cm. aIncluye datos biográficos de la autora en la solapa de la cubierta 0aCuentos dominicanos 0aLiteratura dominicana.